000 00473nam a2200193 a 4500
001 5811
003 CO-ViMGA
008 141112s2004 ck r 000 u spa d
040 _aCO-ViMGA
_bspa
_cCO-ViMGA
082 0 4 _a793.73 P171
100 1 _aParaquin, Karl
_94331
245 1 0 _aJuegos visuales
250 _a2a
260 _aBarcelona :
_bLabor,
_c1983
300 _a137 p : il
490 _aBolsillo juventud, 16
650 1 4 _aJUEGOS VISUALES
_94332
942 _2ddc
_cBK
999 _c17789
_d17789